000 00444nam a2200157 i 4500
001 100961
003 ES-MaACL
007 t|
008 051010s1925 fr ||||1| fre d
100 1 _aMauriac, François,
_d1885-1970
_979251
245 1 3 _aLe désert de l'amour /
_cFrançois Mauriac.
260 _aParis :
_b[s.n.],
_c1925 (
_fF. Paillart)
300 _a260 p. ;
_c19 cm.
852 _aES-MaACL
_jB-280
999 _c100961
_d100961